Shirim u-foʼemot / (Record no. 32976)

MARC details
000 -LEADER
fixed length control field 00639cam a22002171 4500
001 - CONTROL NUMBER
control field he 68000577
003 - CONTROL NUMBER IDENTIFIER
control field DLC
005 - DATE AND TIME OF LATEST TRANSACTION
control field 20260227111454.0
008 - FIXED-LENGTH DATA ELEMENTS--GENERAL INFORMATION
fixed length control field 840321s1965 is 000 0 heb
010 ## - LIBRARY OF CONGRESS CONTROL NUMBER
LC control number he 68000577
035 ## - SYSTEM CONTROL NUMBER
System control number (OCoLC)19167012
040 ## - CATALOGING SOURCE
Original cataloging agency DLC
Transcribing agency MH
Modifying agency DLC
042 ## - AUTHENTICATION CODE
Authentication code premarc
050 00 - LIBRARY OF CONGRESS CALL NUMBER
Classification number PG3337.L4
Item number A534
100 1# - MAIN ENTRY--PERSONAL NAME
Personal name Lermontov, Mikhail I͡Urʹevich,
Dates associated with a name 1814-1841.
245 10 - TITLE STATEMENT
Title Shirim u-foʼemot /
Statement of responsibility, etc. me-Rusit Y. Likhṭenbom ...
260 ## - PUBLICATION, DISTRIBUTION, ETC.
Place of publication, distribution, etc. Tel Aviv :
Name of publisher, distributor, etc. Alef,
Date of publication, distribution, etc. 726 [1965 or 1966]
300 ## - PHYSICAL DESCRIPTION
Extent 96 p. :
Other physical details ill., port. ;
Dimensions 25 cm.
700 1# - ADDED ENTRY--PERSONAL NAME
Personal name Lichtenbaum, Joseph,
Dates associated with a name 1895-1968,
Relator term tr.
752 ## - ADDED ENTRY--HIERARCHICAL PLACE NAME
Country or larger entity Israel
City Tel Aviv

No items available.

Powered by Koha